000 02194cam a22005534i 4500
003 PE-LiUPU
005 20250731172827.0
008 150617s1979 sp a rb 000 0 spa d
020 _a8472080382
035 _a(Sirsi) i9788472080386
040 _aPE-LiUPU
_bspa
_cPE-LiUPU
_erda
049 _aPRUA
082 0 4 _a291.22575
_bF64
_221
082 0 4 _a291.225
_bF64 1979
100 1 _aFlori, Jean,
_eautor.
245 1 1 _a¿Evolución o creación? /
_cJean Flori.
264 1 _aMadrid :
_bEditorial Safeliz,
_c1979.
300 _a413 páginas ;
_c22 centímetros
336 _atext
_2rdacontent
337 _aunmediated
_2rdamedia
338 _avolume
_2rdacarrier
504 _aOrientación bibliográfica.
505 0 _aLa tesis evolucionista, exposición y crítica: geología -- Paleontología -- Biología -- La tesis creacionista -- Métodos de datación.
526 _aSEG42
526 _aSEG41
526 _aSEG40
526 _aSEG39
526 _aP94
526 _aP87
526 _aP86
526 _aP85
526 _aP77
526 _aP76
526 _aP35
650 0 4 _aCreación.
650 0 4 _aEvolución.
_9946
700 1 _aRasolofomasoandro, Henri,
_eautor.
910 _ajck
_bjvq
_cjck
_d20150616
910 _tqv
_d20171121
942 _2ddc
_cBOOK
949 _a291.225 F64 1979
_wDEWEY
_c1
_iFJ09285
_lCCODEBUJ1
_mBUJ
_p20.00
_r0
_sY
_tBOOK
_u2017-11-21
_xBIBLIOTECA
_zUNKOWN
_0COMPRA
_o.STAFF. Colección General Juliaca
949 _a291.22575 F64
_wDEWEY
_c1
_i34586
_d2016-4-5
_e2016-4-4
_lCCODEBUL1
_mBUL
_n3
_r0
_sY
_tBOOK
_u2015-6-17
_xTEOLOGIA
_PP35
_0COMPRA
_o.STAFF. Colección General
994 _aC0
_bPEPRU
596 _a1 3
999 _a291.22575 F64
_wDEWEY
_c5735
_i34586
_d5735
_e2018-3-28
_f2021-11-11
_g5
_lCCODEBUL1
_mBUL
_n6
_p20.00
_r0
_sY
_tBOOK
_u2015-6-17
_xTEOLOGIA
_PP35
_0COMPRA
_o.STAFF. Colección Teología
999 _a291.225 F64 1979
_wDEWEY
_c1
_iFJ09285
_d2019-11-13
_e2019-3-13
_f2022-2-4
_g3
_lCCODEBUJ1
_mBUJ
_n1
_p20.00
_q7
_r0
_sY
_tBOOK
_u2017-11-21
_xBIBLIOTECA
_zUNKNOWN
_0COMPRA
_o.STAFF. Colección General Juliaca
980 _81
_gALBERTO SANCHEZ Responsable de Automatización